Informe de actividades de evaluacion diseño e implementacion de herramientas de manejo del paisaje en el macizo de Rabanal (Registro nro. 7808)

Detalles MARC
000 -CABECERA
Campo de control 01110nam a22002537a 4500
005 - FECHA Y HORA DE LA ULTIMA TRANSACCION
Campo de control 20150203164729.0
008 - ELEMENTOS DE LONGITUD FIJA—INFORMACION GENERAL
Campo de control 131114b2010 ck ||||| |||| 00| 0 spa d
040 ## - FUENTE DE CATALOGACIÓN
Agencia catalogadora original CO-BoIAVH
Agencia transcriptora CO-BoIAVH
041 ## - IDIOMA
Código de idioma para texto/pista de sonido o título separado Español
044 ## - PAÍS DE PUBLICACIÓN
País de publicación Colombia
090 ## - CLASIFICACIÓN LOCAL
Colección IAVH
Consecutivo 01501
100 ## - ASIENTO PRINCIPAL--NOMBRE PERSONAL
Nombre personal Flores-Gabrielina
245 ## - MENCION DE TITULO
Título Informe de actividades de evaluacion diseño e implementacion de herramientas de manejo del paisaje en el macizo de Rabanal
Parte restante del título Informe final
260 ## - PUBLICACION, DISTRIBUCION, ETC. (PIE DE IMPRENTA)
Lugar de publicación, distribución, etc. Sogamoso
Nombre del editor, distribuidor, etc. Instituto de Investigación de Recursos Biológicos Alexander von Humboldt
Fecha de publicación, distribución, etc. 2010
300 ## - DESCRIPCION FISICA
Extensión 66 p.
Otros detalles físicos il
Dimensiones 27 cm
500 ## - NOTA GENERAL
Nota general Informe tecnico convenio nº 09-06/263-09/184-0322 ce
520 ## - NOTA DE RESUMEN, ETC.
Nota de resumen Diseño e implementación de herramientas de manejo del paisaje, en las veredas de San Jose de Gacal municipio de Ventequemada, Pataguy en el municipio de Samaca y San Antonio municipio de Guachetá.
650 ## - ASIENTO SECUNDARIO DE MATERIA - TERMINO TEMATICO
Término temático o nombre geográfico como elemento de entrada Reforestacion
650 ## - ASIENTO SECUNDARIO DE MATERIA - TERMINO TEMATICO
Término temático o nombre geográfico como elemento de entrada Viveros
650 ## - ASIENTO SECUNDARIO DE MATERIA - TERMINO TEMATICO
Término temático o nombre geográfico como elemento de entrada Corredores biologicos
Subdivisión geográfica Macizo el Rabanal
700 ## - ASIENTO SECUNDARIO - NOMBRE PERSONAL
Nombre personal Nuñez- Maria Mercedes
700 ## - ASIENTO SECUNDARIO - NOMBRE PERSONAL
Nombre personal Ramirez - Mauricio
942 ## - ELEMENTOS ADICIONALES (KOHA)
Sistema de clasificación Local
Tipo de ítem Informe Técnico
Existencias
Withdrawn status Lost status Sistema de Clasificación Damaged status No para préstamo Colección Inventariado Ubicación Permanente Ubicación actual Fecha de adquisición Total Checkouts Número topográfico Inventario / Código de Barras Date last seen Ejemplar Price effective from Forma de adquisición Tipo de material
    Local     Humboldt Inventariado 2017 Bogotá Bogotá 14/11/2013   IAVH-01501 059288 09/08/2024 Ej. 1 14/11/2013 Institucional Informe Técnico
    Local     Audiovisual   Bogotá Bogotá 02/02/2015   IAVH-01501 038514 02/02/2015 Ej. 2 02/02/2015 Institucional CD-ROM